| Tag |
First Indicator |
Second Indicator |
Subfields |
| LEADER |
00000cam a22000008a 4500 |
| 001 |
in00001292813 |
| 005 |
20151004094613.0 |
| 008 |
951122s1996 mau bc 000 0 eng |
| 010 |
|
|
|a 95047948
|
| 020 |
|
|
|a 0262540819 (pbk. : alk. paper)
|
| 035 |
|
|
|a (OCoLC)33863951
|
| 035 |
|
|
|9 AGZ9525AM
|
| 040 |
|
|
|a DLC
|c DLC
|d RSD
|d TXA
|d UtOrBLW
|
| 049 |
|
|
|a TXAM
|
| 050 |
0 |
0 |
|a N8354
|b .I58 1996
|
| 082 |
0 |
0 |
|a 704/.042/090407474461
|2 20
|
| 245 |
0 |
0 |
|a Inside the visible :
|b an elliptical traverse of 20th century art in, of, and from the feminine /
|c curated and edited by M. Catherine de Zegher.
|
| 263 |
|
|
|a 9603
|
| 264 |
|
1 |
|a Cambridge, Mass. :
|b The MIT Press,
|c [1996]
|
| 300 |
|
|
|a 495 pages :
|b illustrations (some color) ;
|c 27 cm.
|
| 336 |
|
|
|a text
|b txt
|2 rdacontent
|
| 337 |
|
|
|a unmediated
|b n
|2 rdamedia
|
| 338 |
|
|
|a volume
|b nc
|2 rdacarrier
|
| 500 |
|
|
|a Exhibition: Institute of Contemporary Art in Boston, Jan. 30-May 12, 1996.
|
| 504 |
|
|
|a Includes bibliographical references.
|
| 650 |
|
0 |
|a Women artists
|v Exhibitions.
|
| 650 |
|
0 |
|a Art, Modern
|y 20th century
|v Exhibitions.
|
| 700 |
1 |
|
|a Zegher, M. Catherine de.
|
| 710 |
2 |
|
|a Institute of Contemporary Art (Boston, Mass.)
|
| 999 |
|
|
|a MARS
|
| 999 |
f |
f |
|s d0d60e99-ed02-376e-ba15-f262bf8f2b8d
|i 39fae0fb-fc90-3438-85c9-a6bc6ad802a7
|t 0
|
| 952 |
f |
f |
|p normal
|a Texas A&M University
|b College Station
|c Sterling C. Evans Library
|d Evans: Library Stacks
|t 0
|e N8354 .I58 1996
|h Library of Congress classification
|i unmediated -- volume
|m A14819955544
|
| 998 |
f |
f |
|a N8354 .I58 1996
|t 0
|l Evans: Library Stacks
|